| 000 | 02460cam a22004814i 4500 | ||
|---|---|---|---|
| 003 | PE-LiUPU | ||
| 005 | 20250731173343.0 | ||
| 008 | 150706s r 000 0 d | ||
| 020 | _a8481645397 | ||
| 035 | _a(Sirsi) i9788481645392 | ||
| 040 |
_aPE-LiUPU _bspa _cPE-LiUPU _erda |
||
| 049 | _aPRUA | ||
| 082 | 0 | 4 |
_a225.01 _bB84 _221 |
| 100 | 1 |
_aBrown, Raymond E., _eautor. |
|
| 245 | 1 | 0 |
_aIntroducción al Nuevo Testamento II : _bcartas y otros escritos / _cRaymond E. Brown ; traducción de Antonio Piñero. |
| 264 | 1 |
_aMadrid : _bTrotta, _c[2002]. |
|
| 300 |
_a530 páginas ; _c23 centímetros |
||
| 336 |
_atext _2rdacontent |
||
| 337 |
_aunmediated _2rdamedia |
||
| 338 |
_avolume _2rdacarrier |
||
| 490 | 0 |
_aBiblioteca de ciencias bíblicas y orientales ; _v7 |
|
| 504 | _aIncluye bibliografía. | ||
| 505 | 0 | _aLas cartas paulinas -- Clasificación y formato de las cartas del Nuevo Testamento -- Cuestiones generales de la vida y pensamiento paulinos -- Valoración de Pablo -- Primera carta a los tesalonicenses -- Carta a los gálatas -- Carta a los filipenses -- Carta a Filemón -- Primera carta a los corintios -- Segunda carta a los corintios -- Carta a los romanos -- Pseudonimia y escritos deuteropaulinos -- Segunda carta a los tesalonicenses -- Carta a los colosenses -- Epístola (carta) a los efesios -- Carta pastoral: a Tito -- Carta pastoral: primera a Timoteo -- Carta pastoral: segunda a Timoteo -- Los otros escritos del Nuevo Testamento -- Carta (epístola) a los hebreos -- Primera carta de Pedro -- Epístola (carta) de Santiago -- Carta (epístola) de Judas -- Segunda epístola (carta) de Pedro -- El Apocalipsis. | |
| 526 | _aSEG42 | ||
| 526 | _aSEG41 | ||
| 526 | _aSEG40 | ||
| 526 | _aSEG39 | ||
| 526 | _aP94 | ||
| 526 | _aP87 | ||
| 526 | _aP86 | ||
| 526 | _aP85 | ||
| 526 | _aP77 | ||
| 526 | _aP76 | ||
| 526 | _aP35 | ||
| 541 | _g007-0020317; | ||
| 650 | 0 | 4 |
_aBiblia. _pN.T. _xIntroducciones. |
| 910 |
_agl _bjv _clch _d20091006 |
||
| 942 |
_2ddc _cBOOK |
||
| 949 |
_a225.01 B84 2 _wDEWEY _c1 _i60364 _lCCODEBUL1 _mBUL _p53.00 _r0 _sY _tBOOK _u2015-7-6 _xTEOLOGIA _zUNKNOWN _0COMPRA _o.STAFF. Colección General |
||
| 994 |
_aC0 _bPEPRU |
||
| 596 | _a1 | ||
| 999 |
_a225.01 B84 2 _wDEWEY _c49824 _i60364 _d49824 _f2021-11-9 _g5 _lCCODEBUL1 _mBUL _p53.00 _q4 _r0 _sY _tBOOK _u2015-7-6 _xTEOLOGIA _zUNKNOWN _0COMPRA _o.STAFF. Colección General |
||
| 980 |
_81 _gALBERTO SANCHEZ Responsable de Automatización |
||